Thinking creatively
| Main Author: | |
|---|---|
| Corporate Author: | |
| Format: | Book |
| Published: |
London :
Dorling Kindersley ,
2002
|
| Series: | Essential managers
|
| Subjects: |
MARC
| LEADER | 00000cam a2200000 7i4500 | ||
|---|---|---|---|
| 001 | 0000012419 | ||
| 005 | 20071214.0 | ||
| 008 | 071214 | ||
| 020 | |a 0751338443 | ||
| 090 | 0 | 0 | |a 153.42 |b BOU |
| 100 | 1 | |a Boulden, George P | |
| 245 | 1 | 0 | |a Thinking creatively |c George P. Boulden |
| 260 | |a London : |b Dorling Kindersley , |c 2002 | ||
| 440 | |a Essential managers | ||
| 650 | 0 | |a Creative thinking | |
| 650 | 0 | |a English fiction | |
| 710 | 0 | |a Title | |
| 999 | |a 0001003806 |b Book |c Adult Collection |e Perbadanan Perpustakaan Awam Johor | ||